Business Intelligence

Jednou z oblastí v odbore informačných systémov je oblasť aplikácií súhrnne označovaných ako systémy Business Intelligence (BI). Ich základným cieľom je podpora činností spojených s vrcholovým riadením veľkých spoločností. Zavedenie aplikácií BI umožnilo analytické zhodnocovanie informácií. Užívatel...

Descripción completa

Guardado en:
Detalles Bibliográficos
Formato: Capítulo de libro
Lenguaje:checo
Materias:
Etiquetas: Agregar Etiqueta
Sin Etiquetas, Sea el primero en etiquetar este registro!

MARC

LEADER 00000naa a2200000 4500
001 r018513
005 20221208130947.9
041 0 |a cze 
044 |a CZ 
245 1 0 |a Business Intelligence 
520 |a Jednou z oblastí v odbore informačných systémov je oblasť aplikácií súhrnne označovaných ako systémy Business Intelligence (BI). Ich základným cieľom je podpora činností spojených s vrcholovým riadením veľkých spoločností. Zavedenie aplikácií BI umožnilo analytické zhodnocovanie informácií. Užívatelia BI. Aplikácia systémov BI. 
610 2 0 |a systémy informačné 
610 2 0 |a Business Intelligence 
610 2 0 |a informácie 
610 2 0 |a riadenie vrcholové